Loading...
| Current Events | 3 | 13.33 | 100% | 33% | 0% |
| Fine Arts - Classical Music | 12 | 15.83 | 100% | 33% | 25% |
| Fine Arts - Other | 6 | 11.67 | 83% | 33% | 0% |
| Fine Arts - Painting & Sculpture | 7 | 11.43 | 86% | 29% | 0% |
| Geography | 3 | 13.33 | 100% | 0% | 33% |
| History - American | 5 | 10.00 | 40% | 60% | 0% |
| History - European | 9 | 15.56 | 100% | 56% | 0% |
| History - Other | 5 | 18.00 | 100% | 60% | 20% |
| History - World | 9 | 17.78 | 89% | 78% | 11% |
| Literature - American | 8 | 8.75 | 75% | 13% | 0% |
| Literature - British | 8 | 8.75 | 75% | 0% | 13% |
| Literature - European | 6 | 5.00 | 33% | 17% | 0% |
| Literature - World | 10 | 12.00 | 100% | 20% | 0% |
| Mythology | 4 | 10.00 | 75% | 25% | 0% |
| Other Academic | 8 | 11.25 | 63% | 38% | 13% |
| Philosophy | 5 | 8.00 | 80% | 0% | 0% |
| Religion | 8 | 11.25 | 75% | 38% | 0% |
| Science - Biology | 10 | 12.00 | 80% | 20% | 20% |
| Science - Chemistry | 4 | 15.00 | 75% | 75% | 0% |
| Science - Other | 9 | 12.22 | 89% | 33% | 0% |
| Science - Physics | 9 | 16.67 | 100% | 67% | 0% |
| Social Science | 8 | 11.25 | 88% | 13% | 13% |